000 00314nam a22001337a 4500
008 180222b xxu||||| |||| 00| 0 eng d
020 _a677755001
041 _aeng
080 _a941
100 _a16
101 _aHIS
245 _aPerspectives on the History of Economic Thought
_cWalker, D.A
942 _2udc
_cBK
999 _c43161
_d43161